Największe miasto w Austrii według kraju związkowego - Statystyki

Ogólne statystyki
  • Ten quiz został rozwiązany 137 razy
  • Średni wynik to 5 z 9
Statystyki odpowiedzi
Kraj Związkowy Miasto % Poprawnych
Wiedeń Wiedeń
100%
Salzburg Salzburg
96%
Styria Graz
82%
Tyrol Innsbruck
71%
Górna Austria Linz
68%
Karyntia Klagenfurt am Wörthersee
40%
Dolna Austria Sankt Pölten
20%
Burgenland Eisenstadt
9%
Vorarlberg Dornbirn
5%
Nie znaleziono quizów pasujących do podanych kryteriów
Rozkład punktacji
Procent ludzi z każdym wynikiem
Percentyl według liczby udzielonych odpowiedzi
Twoja historia wyników
Nie rozwiązałeś tego quizu